Statistics for 10 Closest US state capitals to Mexico City

Click here to take the quiz!

General Stats

  • This quiz has been taken 42 times
  • The average score is 9 of 10

Answer Stats

DistanceAnswer% Correct
1212kmAustin
100%
1464kmBaton Rouge
97%
1925kmSanta Fe
97%
2017kmPhoenix
97%
2159kmAtlanta
92%
1789kmOklahoma City
89%
1831kmLittle Rock
89%
1924kmMontgomery
86%
1930kmTallahassee
84%
1685kmJackson
81%

Score Distribution

Percentile by Number Answered

Percent of People with Each Score

Your Score History

You have not taken this quiz